00557nam a22001695i 4500001000700000003000900007005001700016008004100033080001000074100003200084245009700116260004200213300002100255650002500276700002000301852006600321170186ES-MaACL20251015063151.0090210s1929 fr |||| | fre d a782.11 aRichepin, Jean, d1849-192613aLe chemineau b: drame lyrique en quatre actes / cJean Richepin ; musique de Xavier Leroux. aParis : bEugène Fasquelle, c1929. a59 p. ; c19 cm.14aÓperas-vLibretos.1 aLeroux, Xavier. aES-MaACLj2247-F-7 z.- Biblioteca Jacinto Martínez Lacalle